banner koha

Efeito da suplementacao volumosa e mineralizacao mais vermifugacao no desempenho de ovinos e caprinos, 1: performance reprodutiva (Registro n. 275478)

MARC details
000 -LÍDER
campo de controle de tamanho fixo 01379nac a22003737a 4500
001 - NÚMERO DE CONTROLE
campo de controle BR8300111
003 - IDENTIFICADOR DO NÚMERO DE CONTROLE
campo de controle BR-BrBNA
005 - DATA E HORÁRIO DA ÚLTIMA TRANSAÇÃO
campo de controle 20240105115607.0
008 - CAMPO DE DADOS FIXOS--INFORMAÇÃO GERAL
campo de controle de tamanho fixo 230509b bl.|||m| |||| 00| 0 por d
040 ## - FONTE DA CATALOGAÇÃO
Instituição da catalogação original BR-BrBNA
Idioma da catalogação por
Instituição que transcreveu o registro Biblioteca Nacional de Agricultura
072 ## - CÓDIGO DE CATEGORIA DE ASSUNTO
Código de Categoria de Assunto L30; L10; L72
090 ## - NÚMERO DE CHAMADA LOCAL
Número de chamada 5240 BR8300111
100 1# - ENTRADA PRINCIPAL--NOME PESSOAL
Nome pessoal Guimaraes Filho, C.
100 1# - ENTRADA PRINCIPAL--NOME PESSOAL
Nome pessoal Maia, A.M.
100 1# - ENTRADA PRINCIPAL--NOME PESSOAL
Nome pessoal Padilha, T.N.
100 1# - ENTRADA PRINCIPAL--NOME PESSOAL
Nome pessoal Albuquerque, S.G.
100 1# - ENTRADA PRINCIPAL--NOME PESSOAL
Nome pessoal Figueiredo, E.A.P.
110 1# - ENTRADA PRINCIPAL--NOME CORPORATIVO
Nome corporativo ou nome da jurisdição Centro de Pesquisa Agropecuaria do Tropico Semi-Arido, Petrolina, PE (Brasil)
245 1# - TÍTULO
Título Efeito da suplementacao volumosa e mineralizacao mais vermifugacao no desempenho de ovinos e caprinos, 1: performance reprodutiva
246 1# - FORMA VARIANTE DO TÍTULO
Título/título abreviado Effect of roughage supplementation and mineral mixture plus deworming on sheep and goat production, 1: reproductive performance
260 3# - PUBLICAÇÃO, DISTRIBUIÇÃO, ETC.
Local de publicação, distribuição, etc. Petrolina, PE (Brasil):
Data da publicação, distribuição, etc. 1982.
300 ## - DESCRIÇÃO FÍSICA
Extensão 29 p.
490 ## - TÍTULO DA SÉRIE
Título da série Boletim de Pesquisa - Centro de Pesquisa Agropecuaria do Tropico Semi-Arido (Brazil)
Número do volume ou designação sequencial da série no. 16
ISSN - International Standard Serial Number ISSN 0100-8951
500 ## - NOTA GERAL
Nota geral 6 tables; 31 ref.; Summaries (En, Pt)
650 ## - ASSUNTO--TERMO TÓPICO
Cabeçalho tópico ou nome geográfico OVINO
650 ## - ASSUNTO--TERMO TÓPICO
Cabeçalho tópico ou nome geográfico CAPRINO
650 ## - ASSUNTO--TERMO TÓPICO
Cabeçalho tópico ou nome geográfico SUPLEMENTO MINERAL
650 ## - ASSUNTO--TERMO TÓPICO
Cabeçalho tópico ou nome geográfico VOLUMOSOS
650 ## - ASSUNTO--TERMO TÓPICO
Cabeçalho tópico ou nome geográfico VERMIFUGO
650 ## - ASSUNTO--TERMO TÓPICO
Cabeçalho tópico ou nome geográfico PERFORMANCE
650 ## - ASSUNTO--TERMO TÓPICO
Cabeçalho tópico ou nome geográfico REPRODUCAO ANIMAL
909 ## -
-- 202312
-- Lúcia Elande
-- 55
-- Lúcia Elande
942 ## - ELEMENTOS DE ENTRADA ADICIONADOS (KOHA)
Fonte da classificação ou esquema de arquivamento na estante Classificação AGRIS
Ocultar no OPAC Não
Tipo de material Koha Monografia Seriada
Exemplares
Situação do descarte Fonte da classificação ou esquema de arquivamento na estante Situação física Não pode ser emprestado Coleção Biblioteca de origem Biblioteca atual Localização na estante Total de empréstimos Número de telefone completo Código de barras Data de último acesso Tipo de material Koha Fonte de aquisição
  Classificação AGRIS       Biblioteca Nacional de Agricultura - Binagri Biblioteca Nacional de Agricultura - Binagri Agrobase - Acervo Geral   5240 BR8300111 5240 BR8300111 18/12/2023 Monografia Seriada Portaria Interministerial nº 164/94

BINAGRI

Telefone: (61)3218-2567/2388/3357/2097 - binagri@agro.gov.br

Ministério da Agricultura e Pecuária , Esplanada dos Ministérios, Bloco D, Anexo B, Brasília/DF, CEP: 70.043-900